All Birmingham City Premier League Players Ever - Statistics

General Stats
  • This quiz has been taken 24 times
  • The average score is 69 of 196
Answer Stats
% Correct
2002/03 Trinidad & Tobago Stern John 30
93%
2003/04 Trinidad & Tobago Stern John 29
93%
2004/05 Trinidad & Tobago Stern John 3
93%
2002/03 Northern Ireland Damien Johnson 30
86%
2003/04 Northern Ireland Damien Johnson 35
86%
2004/05 Northern Ireland Damien Johnson 36
86%
2005/06 Northern Ireland Damien Johnson 31
86%
2007/08 Northern Ireland Damien Johnson 17
86%
2009/10 Northern Ireland Damien Johnson 1
86%
2002/03 Jamaica Michael Johnson 6
86%
2009/10 England Roger Johnson 38
86%
2010/11 England Roger Johnson 38
86%
2010/11 Serbia Nikola Zigic 25
71%
2010/11 Nigeria Obafemi Martins 4
64%
2002/03 Wales Robbie Savage 33
64%
2003/04 Wales Robbie Savage 31
64%
2004/05 Wales Robbie Savage 18
64%
2009/10 Ireland Stephen Carr 35
64%
2010/11 Ireland Stephen Carr 38
64%
2007/08 England Cameron Jerome 33
57%
2009/10 England Cameron Jerome 32
57%
2010/11 England Cameron Jerome 34
57%
2009/10 England Craig Gardner 13
57%
2010/11 England Craig Gardner 29
57%
2003/04 England David Dunn 21
57%
2004/05 England David Dunn 11
57%
2005/06 England David Dunn 15
57%
2009/10 England Joe Hart 36
57%
2009/10 England Scott Dann 30
57%
2010/11 England Scott Dann 20
57%
2007/08 Sweden Sebastian Larsson 35
57%
2009/10 Sweden Sebastian Larsson 33
57%
2010/11 Sweden Sebastian Larsson 35
57%
2010/11 Belarus Aliaksandr Hleb 19
50%
2002/03 Ireland Clinton Morrison 28
50%
2003/04 Ireland Clinton Morrison 32
50%
2004/05 Ireland Clinton Morrison 26
50%
2005/06 Ireland Clinton Morrison 1
50%
2007/08 Scotland James McFadden 12
50%
2009/10 Scotland James McFadden 36
50%
2010/11 Scotland James McFadden 4
50%
2003/04 Northern Ireland Maik Taylor 34
50%
2004/05 Northern Ireland Maik Taylor 38
50%
2005/06 Northern Ireland Maik Taylor 34
50%
2007/08 Northern Ireland Maik Taylor 34
50%
2009/10 Northern Ireland Maik Taylor 2
50%
2003/04 England Martin Taylor 12
50%
2004/05 England Martin Taylor 7
50%
2005/06 England Martin Taylor 21
50%
2007/08 England Martin Taylor 4
50%
2010/11 England Ben Foster 38
43%
2002/03 France Christophe Dugarry 16
43%
2003/04 France Christophe Dugarry 14
43%
2004/05 England Emile Heskey 34
43%
2005/06 England Emile Heskey 34
43%
2009/10 England Kevin Phillips 19
43%
2010/11 England Kevin Phillips 14
43%
2009/10 England Lee Bowyer 35
43%
2010/11 England Lee Bowyer 29
43%
2007/08 England Liam Ridgewell 35
43%
2009/10 England Liam Ridgewell 31
43%
2010/11 England Liam Ridgewell 36
43%
2002/03 England Matt Upson 14
43%
2003/04 England Matt Upson 30
43%
2004/05 England Matt Upson 36
43%
2005/06 England Matt Upson 24
43%
2003/04 Finland Mikael Forssell 32
43%
2004/05 Finland Mikael Forssell 4
43%
2005/06 Finland Mikael Forssell 27
43%
2007/08 Finland Mikael Forssell 30
43%
2002/03 Australia Stan Lazaridis 30
43%
2003/04 Australia Stan Lazaridis 30
43%
2004/05 Australia Stan Lazaridis 20
43%
2005/06 Australia Stan Lazaridis 17
43%
2005/06 Northern Ireland Alex Bruce 6
36%
2002/03 Senegal Aliou Cisse 21
36%
2003/04 Senegal Aliou Cisse 15
36%
2009/10 Scotland Barry Ferguson 37
36%
2010/11 Scotland Barry Ferguson 35
36%
2010/11 England Curtis Davies 6
36%
2002/03 England Darren Carter 12
36%
2003/04 England Darren Carter 5
36%
2004/05 England Darren Carter 15
36%
2007/08 England David Murphy 14
36%
2010/11 England David Murphy 10
36%
2004/05 Trinidad & Tobago Dwight Yorke 13
36%
2010/11 Chile Jean Beausejour 17
36%
2002/03 Ireland Kenny Cunningham 31
36%
2003/04 Ireland Kenny Cunningham 36
36%
2004/05 Ireland Kenny Cunningham 36
36%
2005/06 Ireland Kenny Cunningham 31
36%
2004/05 Netherlands Mario Melchiot 34
36%
2005/06 Netherlands Mario Melchiot 23
36%
2010/11 Czech Republic Martin Jiranek 10
36%
2007/08 Tunisia Radhi Jaidi 18
36%
2007/08 Honduras Wilson Palacios 7
36%
2007/08 Ireland Colin Doyle 3
29%
2010/11 Ireland Colin Doyle 1
29%
2007/08 Scotland Garry O'Connor 23
29%
2009/10 Scotland Garry O'Connor 10
29%
2010/11 Scotland Garry O'Connor 3
29%
2002/03 England Geoff Horsfield 31
29%
2003/04 England Geoff Horsfield 3
29%
2002/03 England Ian Bennett 10
29%
2003/04 England Ian Bennett 6
29%
2004/05 England Julian Gray 32
29%
2005/06 England Julian Gray 21
29%
2009/10 Ireland Keith Fahey 34
29%
2010/11 Ireland Keith Fahey 24
29%
2009/10 Ireland Lee Carsley 7
29%
2007/08 Argentina Mauro Zarate 14
29%
2004/05 Turkey Muzzy Izzet 10
29%
2005/06 Turkey Muzzy Izzet 16
29%
2002/03 Belgium Nico Vaesen 27
29%
2005/06 Belgium Nico Vaesen 4
29%
2002/03 Cote D'Ivoire Olivier Tebily 12
29%
2003/04 Cote D'Ivoire Olivier Tebily 27
29%
2004/05 Cote D'Ivoire Olivier Tebily 15
29%
2005/06 Cote D'Ivoire Olivier Tebily 16
29%
2004/05 Uruguay Walter Pandiani 14
29%
2005/06 Uruguay Walter Pandiani 17
29%
2002/03 England Bryan Hughes 22
21%
2003/04 England Bryan Hughes 26
21%
2005/06 England Chris Sutton 10
21%
2009/10 Ecuador Christian Benitez 30
21%
2007/08 Netherlands Daniel de Ridder 10
21%
2002/03 England Darren Purse 20
21%
2003/04 England Darren Purse 9
21%
2005/06 England DJ Campbell 11
21%
2007/08 England Gary McSheffrey 32
21%
2009/10 England Gary McSheffrey 5
21%
2002/03 Ireland Jeff Kenna 37
21%
2003/04 Ireland Jeff Kenna 17
21%
2004/05 England Jermaine Pennant 12
21%
2005/06 England Jermaine Pennant 38
21%
2005/06 Czech Republic Jiri Jarosik 23
21%
2002/03 United States Jovan Kirovski 17
21%
2003/04 United States Jovan Kirovski 6
21%
2003/04 Argentina Luciano Figueroa 1
21%
2002/03 England Martin Grainger 9
21%
2003/04 England Martin Grainger 4
21%
2002/03 England Mat Sadler 2
21%
2005/06 England Mat Sadler 8
21%
2007/08 England Mat Sadler 5
21%
2010/11 England Matt Derbyshire 13
21%
2004/05 Tunisia Mehdi Nafti 10
21%
2005/06 Tunisia Mehdi Nafti 1
21%
2007/08 Tunisia Mehdi Nafti 26
21%
2009/10 Spain Michel 9
21%
2007/08 Guyana Neil Danns 2
21%
2004/05 Senegal Salif Diao 2
21%
2002/03 England Stephen Clemence 15
21%
2003/04 England Stephen Clemence 35
21%
2004/05 England Stephen Clemence 22
21%
2005/06 England Stephen Clemence 15
21%
2007/08 Ireland Stephen Kelly 38
21%
2007/08 England Stuart Parnaby 13
21%
2009/10 England Stuart Parnaby 8
21%
2010/11 England Stuart Parnaby 5
21%
2002/03 England Curtis Woodhouse 3
14%
2004/05 England Darren Anderton 20
14%
2002/03 Jamaica Darryl Powell 11
14%
2010/11 England David Bentley 13
14%
2007/08 France Franck Queudrue 16
14%
2009/10 France Franck Queudrue 6
14%
2009/10 France Gregory Vignal 8
14%
2004/05 Denmark Jesper Gronkjaer 16
14%
2007/08 Switzerland Johan Djourou 13
14%
2010/11 England Jordon Mutch 3
14%
2005/06 England Nicky Butt 24
14%
2007/08 France Olivier Kapo 26
14%
2002/03 England Steve Vickers 5
14%
2009/10 Finland Teemu Tainio 6
14%
2002/03 England Tommy Mooney 1
14%
2003/04 Scotland Andrew Barrowman 1
7%
2002/03 Wales Andy Marriott 1
7%
2007/08 Spain Borja Oubina 2
7%
2002/03 England Craig Fagan 1
7%
2007/08 England Fabrice Muamba 37
7%
2002/03 Senegal Ferdinand Coly 1
7%
2002/03 England Jamie Clapham 16
7%
2003/04 England Jamie Clapham 25
7%
2004/05 England Jamie Clapham 27
7%
2005/06 England Jamie Clapham 16
7%
2009/10 Ireland Jay O'Shea 1
7%
2002/03 England Jonathan Hutchinson 1
7%
2005/06 Ireland Marcos Painter 4
7%
2005/06 Czech Republic Martin Latka 6
7%
2005/06 England Matthew Birley 1
7%
2005/06 Australia Neil Kilkenny 18
7%
2002/03 Scotland Paul Devlin 32
7%
2003/04 Scotland Paul Devlin 2
7%
2002/03 Poland Piotr Swierczewski 1
7%
2007/08 Brazil Rafael Schmitz 15
7%
2007/08 Ghana Richard Kingson 1
7%
2004/05 England Robbie Blake 11
7%
No matching quizzes found
Score Distribution
Percent of People with Each Score
Percentile by Number Answered
Your Score History
You have not taken this quiz